000 00540nam a22001577a 4500
003 OSt
005 20250829063645.0
008 250829b |||||||| |||| 00| 0 eng d
020 _a0-85229-531-6
040 _cOC
082 _aGR. 081.19 G786 1990
245 _aGreat book of the western world, 2nd ed. :
_bvolume 37-60
260 _aChicago :
_bEncyclopedia Britanica, Inc.,
_cc1990
300 _axxvi, 900 pages :
_billustration :
_c24 cm.
942 _2ddc
_cGR
_e2nd edition
_hGR. 081.19 G786 1990
_kGR.
_n0
999 _c4351
_d4351